LEADER 01725nam 2200517 n 450 001 9910137769903321 005 20120417153215.0 010 $a88-596-0999-2 035 $a(CKB)3280000000012856 035 $a(ItFiC)it 02492504 035 $a(SSID)ssj0000725938 035 $a(PQKBManifestationID)12323747 035 $a(PQKBTitleCode)TC0000725938 035 $a(PQKBWorkID)10766087 035 $a(PQKB)10308219 035 $a(EXLCZ)993280000000012856 100 $a20120417d2011 uy 101 0 $aita 181 $ctxt 182 $cc 183 $acr 200 00$aArchivi politici $erealtà a confronto : atti del convegno di studi, Firenze, 21 maggio 2010 /$fa cura di Martina Ricci, Matteo Mazzoni 210 $aFirenze $cPolistampa$d2011 215 $a96 p 225 0 $aTaccuini / Istituto Gramsci toscano Archivi politici 300 $aBibliographic Level Mode of Issuance: Monograph 517 $aArchivi politici 606 $aPolitical parties$xArchival resources$zItaly$vCongresses 606 $aGovernment - Non-U.S$2HILCC 606 $aLaw, Politics & Government$2HILCC 606 $aGovernment - Europe$2HILCC 607 $aItaly$xPolitics and government$y20th century$xArchival resources$vCongresses 615 0$aPolitical parties$xArchival resources 615 7$aGovernment - Non-U.S. 615 7$aLaw, Politics & Government 615 7$aGovernment - Europe 676 $a026 702 $aRicci$b Martina 702 $aMazzoni$b Matteo 712 12$aConvegno "Archivi politici, realtáa a confronto" 801 0$bItFiC 801 1$bItFiC 906 $aBOOK 912 $a9910137769903321 996 $aArchivi politici$92432698 997 $aUNINA LEADER 02542nam 2200445 450 001 9910555194503321 005 20190228172701.0 010 $a1-119-54309-6 010 $a1-119-54827-6 010 $a1-119-54299-5 035 $a(CKB)4100000007265246 035 $a(MiAaPQ)EBC5614242 035 $a(CaSebORM)9781119543053 035 $a(EXLCZ)994100000007265246 100 $a20190117d2019 uy 0 101 0 $aeng 135 $aurcnu|||||||| 181 $ctxt$2rdacontent 182 $cc$2rdamedia 183 $acr$2rdacarrier 200 10$a(ISC)2 SSCP systems security certified practitioner official practice tests /$fMike Chapple, David Siedl 205 $a1st edition 210 1$aIndianpolis, Indiana :$cSYBEX,$d[2019] 210 4$d©2019 215 $a1 online resource (307 pages) 311 $a1-119-54305-3 330 $aSmarter, faster prep for the SSCP exam (ISC) 2 SSCP Systems Security Certified Practitioner Official Practice Tests is the only (ISC)2-endorsed set of questions for the SSCP exam. With SSCP certification, you will meet Department of Defense requirements for entry-level Information Assurance Technical (IAT I) roles, positioning you for a successful career in cyber-security. This book's first seven chapters cover each of the seven domains on the SSCP exam with sixty or more questions per domain, so you can focus your study efforts exactly where you need more review. When you feel well prepared, use the two complete practice exams from Sybex's online interactive learning environment as time trials to assess your readiness to take the exam. Coverage of all exam objectives, including: Access Controls Security Operations and Administration Risk Identification, Monitoring, and Analysis Incident Response and Recovery The SSCP program certifies your ability to implement, monitor, and administer IT secure and compliant IT infrastructure. It's ideal for students pursuing cyber-security degrees as well as those in the field looking to take their careers to the next level. 606 $aComputer networks$xSecurity measures$xExaminations$vStudy guides 608 $aElectronic books. 615 0$aComputer networks$xSecurity measures$xExaminations 676 $a005.8076 700 $aChapple$b Mike$0889333 702 $aSeidl$b David 801 0$bMiAaPQ 801 1$bMiAaPQ 801 2$bMiAaPQ 906 $aBOOK 912 $a9910555194503321 996 $aISC)2 SSCP systems security certified practitioner official practice tests$92815749 997 $aUNINA